000 00805nam a2200277Ia 4500
003 OSt
005 20221007124123.0
006 a|||||r|||| 00| 0
007 ta
008 221006b |||||||| |||| 00| 0 eng d
020 _a0486673553 (pbk)
024 _a86133
037 _cTextbook
040 _aCDL
_cCDL
_beng
041 _2eng
_aeng
082 _aB270aE, L3;26-;28 Carc
100 _aBishop David M
245 0 _aGroup theory and chemistry
260 _aNew
_bYork Dover Publications
_c1973
300 _axvi, 300p.
_ccm.
500 _aAppendix 279-288.; Bibliography 289-296p.; Index 297- 300p.
650 _a Group theory
_9440733
650 _aChemistry
942 _hB270aE, L3;26-;28 Carc
_cTB
_2CC
999 _c1213026
_d1213026